[Event "OP-2022-0-05363"]
[Site "LSS email"]
[Date "2022.12.22"]
[Round "?"]
[White "Mostowik, Pawel"]
[Black "Gonzalez Castells, Jose Maria"]
[Result "1/2-1/2"]
[WhiteElo "1839"]
[BlackElo "1459"]
[PlyCount "60"]
[EventDate "2022.12.08"]
[EventType "tourn (corr)"]
[EventRounds "4"]
[EventCountry "GER"]
[SourceTitle "Corr 2024"]
[Source "ChessBase"]
[SourceDate "2023.10.19"]
[SourceVersion "1"]
[SourceVersionDate "2023.10.19"]
[SourceQuality "1"]

1. e4 e5 2. Nf3 Nc6 3. Bb5 a6 4. Bxc6 dxc6 5. 0-0 Bg4 6. h3 Bxf3 7. Qxf3 Ne7 8. d3 Ng6 9. Be3 Bd6 10. Nd2 Qe7 11. Nc4 Bc5 12. Bd2 Bd4 13. c3 Ba7 14. Rad1 0-0-0 15. b4 Kb8 16. a4 f6 17. Na5 Rhe8 18. c4 Qd6 19. Be3 Bd4 20. Rb1 Bxe3 21. fxe3 Qxd3 22. b5 Qc3 23. Nb3 b6 24. Rfc1 Qd3 25. bxc6 Ka7 26. c5 Rb8 27. Rd1 Qc2 28. Rdc1 Qd3 29. Rd1 Qc2 30. Rdc1 Qd3 1/2-1/2

[Event "LSS No Engine Cup 231 Preliminary 0"]
[Site "LSS email"]
[Date "2022.11.22"]
[Round "?"]
[White "Mostowik, Pawel"]
[Black "Portas, Daniel"]
[Result "1-0"]
[WhiteElo "2137"]
[BlackElo "1654"]
[PlyCount "35"]
[EventDate "2022.11.22"]
[EventType "tourn (corr)"]
[EventRounds "6"]
[EventCountry "GER"]
[SourceTitle "Corr 2024"]
[Source "ChessBase"]
[SourceDate "2023.10.19"]
[SourceVersion "1"]
[SourceVersionDate "2023.10.19"]
[SourceQuality "1"]

1. e4 e5 2. Nf3 Nc6 3. Bb5 a6 4. Bxc6 dxc6 5. 0-0 f6 6. d4 exd4 7. Nxd4 c5 8. Nf3 Qxd1 9. Rxd1 Bd6 10. Nbd2 Bg4 11. Nc4 0-0-0 12. Nxd6+ cxd6 13. Bf4 Kc7 14. Rxd6 Rxd6 15. Rd1 Nh6 16. Rxd6 g5 17. Bg3 f5 18. Nxg5 1-0

[Event "LSS No Engine Cup 230 Preliminary 0"]
[Site "LSS email"]
[Date "2022.10.08"]
[Round "?"]
[White "Mostowik, Pawel"]
[Black "Grillo, Roberto"]
[Result "1/2-1/2"]
[WhiteElo "2153"]
[BlackElo "2097"]
[PlyCount "29"]
[EventDate "2022.10.08"]
[EventType "tourn (corr)"]
[EventRounds "6"]
[EventCountry "GER"]
[SourceTitle "Corr 2024"]
[Source "ChessBase"]
[SourceDate "2023.10.19"]
[SourceVersion "1"]
[SourceVersionDate "2023.10.19"]
[SourceQuality "1"]

1. e4 c5 2. Nf3 Nc6 3. Bb5 g6 4. 0-0 Bg7 5. Re1 e5 6. Bxc6 dxc6 7. d3 Qc7 8. Be3 b6 9. a4 a5 10. Na3 Nf6 11. Nc4 Nd7 12. Qd2 0-0 13. Bh6 f6 14. Bxg7 Kxg7 15. Nh4 1/2-1/2

[Event "LSS No Engine Cup 224 Preliminary 0"]
[Site "LSS email"]
[Date "2022.01.08"]
[Round "?"]
[White "Helmbrecht, John"]
[Black "Mostowik, Pawel"]
[Result "0-1"]
[WhiteElo "1779"]
[BlackElo "2174"]
[PlyCount "44"]
[EventDate "2022.01.08"]
[EventType "tourn (corr)"]
[EventRounds "6"]
[EventCountry "GER"]
[SourceTitle "Corr 2024"]
[Source "ChessBase"]
[SourceDate "2023.10.19"]
[SourceVersion "1"]
[SourceVersionDate "2023.10.19"]
[SourceQuality "1"]

1. d4 d5 2. Nf3 e6 3. g3 Nf6 4. Bg2 Bb4+ 5. c3 Be7 6. 0-0 0-0 7. c4 dxc4 8. Qc2 b5 9. a4 b4 10. Nbd2 Bb7 11. Nxc4 Be4 12. Qb3 Na6 13. Rd1 Rc8 14. Nfe5 Bxg2 15. Kxg2 c5 16. dxc5 Nxc5 17. Rxd8 Nxb3 18. Rxf8+ Kxf8 19. Rb1 Nd5 20. e4 f6 21. exd5 fxe5 22. d6 Bf6 0-1

[Event "LSS No Engine Cup 223 Preliminary 0"]
[Site "LSS email"]
[Date "2021.11.19"]
[Round "?"]
[White "Heiser, Jerome"]
[Black "Mostowik, Pawel"]
[Result "0-1"]
[WhiteElo "727"]
[BlackElo "2176"]
[PlyCount "60"]
[EventDate "2021.11.19"]
[EventType "tourn (corr)"]
[EventRounds "6"]
[EventCountry "GER"]
[SourceTitle "Corr 2024"]
[Source "ChessBase"]
[SourceDate "2023.10.19"]
[SourceVersion "1"]
[SourceVersionDate "2023.10.19"]
[SourceQuality "1"]

1. e4 c5 2. Nc3 Nc6 3. Nf3 g6 4. d4 cxd4 5. Nxd4 Bg7 6. Nxc6 bxc6 7. Bc4 d6 8. h3 Qc7 9. Qf3 Be6 10. Bxe6 fxe6 11. Bg5 Nf6 12. 0-0 Qa5 13. Rfe1 Qxg5 14. e5 dxe5 15. Qxc6+ Kf7 16. Re3 Rhc8 17. Qf3 Rab8 18. Ne4 Qf5 19. g4 Qxf3 20. Rxf3 Kg8 21. Ng5 Bh6 22. Nxe6 Kf7 23. g5 Kxe6 24. Ra3 Bxg5 25. Ra6+ Kf7 26. Rxa7 Rxb2 27. a4 Rcxc2 28. a5 Rxf2 29. a6 Be3 30. Re1 Rg2+ 0-1

[Event "LSS No Engine Cup 223 Preliminary 0"]
[Site "LSS email"]
[Date "2021.11.19"]
[Round "?"]
[White "Mostowik, Pawel"]
[Black "Huber, Karl"]
[Result "1/2-1/2"]
[WhiteElo "2176"]
[BlackElo "2020"]
[PlyCount "49"]
[EventDate "2021.11.19"]
[EventType "tourn (corr)"]
[EventRounds "6"]
[EventCountry "GER"]
[SourceTitle "Corr 2024"]
[Source "ChessBase"]
[SourceDate "2023.10.19"]
[SourceVersion "1"]
[SourceVersionDate "2023.10.19"]
[SourceQuality "1"]

1. e4 e6 2. d4 d5 3. Nc3 Nf6 4. e5 Nfd7 5. f4 c5 6. Nf3 Nc6 7. Be3 a6 8. a3 cxd4 9. Nxd4 Bc5 10. Qd2 0-0 11. Nxc6 bxc6 12. Bxc5 Nxc5 13. Be2 a5 14. b3 Qh4+ 15. g3 Qe7 16. 0-0 Ba6 17. Bxa6 Nxa6 18. Qe3 Nc5 19. a4 h5 20. Kh1 Rab8 21. Kg2 g6 22. Rf3 Kg7 23. h3 Rb4 24. Rd1 Ne4 25. Nxe4 1/2-1/2

[Event "OP-2021-0-05141"]
[Site "LSS email"]
[Date "2021.05.19"]
[Round "?"]
[White "Mostowik, Pawel"]
[Black "Wiaderek, Piotr"]
[Result "1/2-1/2"]
[WhiteElo "1899"]
[BlackElo "1688"]
[PlyCount "27"]
[EventDate "2021.05.11"]
[EventType "tourn (corr)"]
[EventRounds "4"]
[EventCountry "GER"]
[SourceTitle "Corr 2024"]
[Source "ChessBase"]
[SourceDate "2023.10.19"]
[SourceVersion "1"]
[SourceVersionDate "2023.10.19"]
[SourceQuality "1"]

1. d4 Nf6 2. c4 e6 3. Nf3 b6 4. e3 Bb7 5. Nc3 d5 6. cxd5 exd5 7. Bb5+ c6 8. Bd3 Bd6 9. 0-0 0-0 10. Re1 Nbd7 11. Qc2 Rc8 12. e4 dxe4 13. Nxe4 Nxe4 14. Bxe4 1/2-1/2

[Event "OP-2021-0-05140"]
[Site "LSS email"]
[Date "2021.05.18"]
[Round "?"]
[White "Mostowik, Pawel"]
[Black "Molina, Vicente Andres"]
[Result "1-0"]
[WhiteElo "1899"]
[BlackElo "741"]
[PlyCount "37"]
[EventDate "2021.05.09"]
[EventType "tourn (corr)"]
[EventRounds "4"]
[EventCountry "GER"]
[SourceTitle "Corr 2024"]
[Source "ChessBase"]
[SourceDate "2023.10.19"]
[SourceVersion "1"]
[SourceVersionDate "2023.10.19"]
[SourceQuality "1"]

1. e4 c6 2. d4 d5 3. exd5 cxd5 4. c4 Nc6 5. cxd5 Qxd5 6. Nf3 Bg4 7. Be2 0-0-0 8. Nc3 Nf6 9. Nxd5 Nxd5 10. Ng5 Bxe2 11. Qxe2 Nxd4 12. Qg4+ e6 13. Qxd4 Bb4+ 14. Bd2 Bxd2+ 15. Qxd2 Rhe8 16. Nxf7 Rd7 17. Ne5 Rc7 18. 0-0 Rf8 19. Rac1 1-0

[Event "LSS No Engine Cup 214 Preliminary 0"]
[Site "LSS email"]
[Date "2021.02.17"]
[Round "?"]
[White "Reppert, Victor"]
[Black "Mostowik, Pawel"]
[Result "0-1"]
[WhiteElo "1654"]
[BlackElo "2190"]
[PlyCount "72"]
[EventDate "2021.02.17"]
[EventType "tourn (corr)"]
[EventRounds "6"]
[EventCountry "GER"]
[SourceTitle "Corr 2024"]
[Source "ChessBase"]
[SourceDate "2023.10.19"]
[SourceVersion "1"]
[SourceVersionDate "2023.10.19"]
[SourceQuality "1"]

1. e4 c5 2. Nf3 Nc6 3. d4 cxd4 4. Nxd4 Nf6 5. Nc3 e6 6. Ndb5 d6 7. Bf4 e5 8. Bg5 a6 9. Na3 b5 10. Bxf6 Qxf6 11. Nd5 Qd8 12. Bxb5 axb5 13. Nxb5 Qa5+ 14. c3 Ra7 15. Nxa7 Qxa7 16. a4 Ne7 17. Ne3 Ng6 18. a5 Be7 19. b4 0-0 20. b5 Bb7 21. b6 Qa8 22. f3 Qc8 23. Qd2 Bg5 24. Ke2 Nh4 25. g3 Ba6+ 26. Kf2 Bxe3+ 27. Qxe3 f5 28. gxh4 fxe4 29. Qxe4 Bb7 30. Qe3 Qh3 31. Ke1 Rxf3 32. Qg5 Re3+ 33. Kd2 Rd3+ 34. Kc2 Rxc3+ 35. Kd2 Qd3+ 36. Ke1 Qe4+ 0-1

[Event "LSS No Engine Cup 213 Preliminary 0"]
[Site "LSS email"]
[Date "2021.01.28"]
[Round "?"]
[White "Plummer, Martin"]
[Black "Mostowik, Pawel"]
[Result "0-1"]
[WhiteElo "1491"]
[BlackElo "2185"]
[PlyCount "58"]
[EventDate "2021.01.28"]
[EventType "tourn (corr)"]
[EventRounds "6"]
[EventCountry "GER"]
[SourceTitle "Corr 2024"]
[Source "ChessBase"]
[SourceDate "2023.10.19"]
[SourceVersion "1"]
[SourceVersionDate "2023.10.19"]
[SourceQuality "1"]

1. e4 c5 2. Nf3 Nc6 3. d4 cxd4 4. Nxd4 Nf6 5. Nc3 e6 6. a3 Be7 7. Be3 0-0 8. Be2 d5 9. exd5 Nxd5 10. Nxc6 bxc6 11. Bd2 Qb6 12. b3 Qc7 13. 0-0 Bb7 14. Bd3 Rad8 15. Qh5 f5 16. Qe2 e5 17. f3 Kh8 18. Kh1 Rde8 19. Ba6 Ba8 20. Na4 e4 21. fxe4 fxe4 22. Rxf8+ Bxf8 23. c4 Qe5 24. Ra2 Bd6 25. g3 e3 26. cxd5 cxd5 27. Bxe3 d4+ 28. Kg1 dxe3 29. Kf1 Qe4 0-1

[Event "LSS No Engine Cup 211 Preliminary 0"]
[Site "LSS email"]
[Date "2020.12.15"]
[Round "?"]
[White "Langheld, Werner"]
[Black "Mostowik, Pawel"]
[Result "1/2-1/2"]
[WhiteElo "1843"]
[BlackElo "2185"]
[PlyCount "93"]
[EventDate "2020.12.15"]
[EventType "tourn (corr)"]
[EventRounds "6"]
[EventCountry "GER"]
[SourceTitle "Corr 2024"]
[Source "ChessBase"]
[SourceDate "2023.10.19"]
[SourceVersion "1"]
[SourceVersionDate "2023.10.19"]
[SourceQuality "1"]

1. e4 c5 2. b4 cxb4 3. a3 e5 4. Nf3 Nf6 5. Nxe5 Be7 6. Bc4 0-0 7. Bxf7+ Rxf7 8. Nxf7 Kxf7 9. axb4 Kg8 10. Qe2 d5 11. e5 Ne8 12. c3 Qb6 13. d4 Qg6 14. 0-0 Nc7 15. Kh1 Qg4 16. Qe3 Qg6 17. Nd2 Nd7 18. Nb3 Nf8 19. Nc5 b6 20. Nd3 Bf5 21. Nf4 Qc6 22. Qf3 Be4 23. Qg4 g6 24. Bd2 Nfe6 25. Nh5 Bf5 26. Qf3 Ng5 27. Bxg5 Bxg5 28. Qg3 Be7 29. Nf6+ Bxf6 30. exf6 Nb5 31. Rfe1 Rf8 32. Qe5 Bd7 33. Qg5 Qxf6 34. Qxd5+ Rf7 35. Qb3 h5 36. Re3 Kg7 37. Rf3 Be6 38. Qd1 Bf5 39. Qd2 Nd6 40. Qe2 Rc7 41. h3 Nc4 42. Re1 b5 43. Kg1 Qc6 44. Qd1 Qf6 45. d5 Ne5 46. Rfe3 Nc4 47. Rf3 1/2-1/2

[Event "LSS No Engine Cup 198 Final"]
[Site "LSS email"]
[Date "2020.10.20"]
[Round "?"]
[White "Svrsek Jr, Radomir"]
[Black "Mostowik, Pawel"]
[Result "1/2-1/2"]
[WhiteElo "1929"]
[BlackElo "2178"]
[PlyCount "76"]
[EventDate "2020.10.20"]
[EventType "tourn (corr)"]
[EventRounds "6"]
[EventCountry "GER"]
[SourceTitle "Corr 2022"]
[Source "ChessBase"]
[SourceDate "2021.10.24"]
[SourceVersion "1"]
[SourceVersionDate "2021.10.24"]
[SourceQuality "1"]

1. e4 c5 2. Nf3 Nc6 3. d4 cxd4 4. Nxd4 e5 5. Nb5 d6 6. N1c3 a6 7. Na3 Nf6 8. Bg5 b5 9. Bxf6 Qxf6 10. Nd5 Qd8 11. Bxb5 axb5 12. Nxb5 Qa5+ 13. c3 Kd8 14. a4 Rb8 15. 0-0 Be6 16. b4 Qa6 17. Ndc7 Qc8 18. Qd3 Qd7 19. a5 Ke7 20. Rfd1 Na7 21. Nxa7 Qxc7 22. Nb5 Qc6 23. Nxd6 g6 24. a6 Kf6 25. a7 Bxd6 26. Qxd6 Qxd6 27. Rxd6 Ra8 28. b5 Ke7 29. Rdd1 Rhd8 30. b6 Rxd1+ 31. Rxd1 Bc8 32. c4 Bb7 33. Rd5 f6 34. f3 Rc8 35. c5 Bc6 36. Rd2 Bb7 37. Rc2 Kd7 38. Kf2 Kc6 1/2-1/2